There's No I in Team, But... Quiz Stats

 Plays Quiz Updated Aug 28, 2018

Score 0/23 Timer 04:00
4 Plays Today
Hint Answer % Correct
2 lettersMe
99.7%
2 lettersTe
99.4%
2 lettersAt
99.2%
2 lettersMa
99.1%
2 lettersTa
98.7%
4 lettersMeat
98.4%
3 lettersMat
98.1%
2 lettersAm
98%
3 lettersTam
97.3%
3 lettersTea
97.3%
3 lettersMet
96.5%
3 lettersAte
95.9%
Hint Answer % Correct
2 lettersEt
95.2%
2 lettersEm
94.7%
3 lettersEat
94.5%
4 lettersMate
94.1%
4 lettersTame
93.8%
2 lettersAe
92.9%
3 lettersEta
86.7%
4 lettersTeam
86.3%
3 lettersMae
85.6%
3 lettersTae
85.5%
4 lettersMeta
84.6%

You're not logged in!

Compare scores with friends on all Sporcle quizzes.
OR
Log In

Sporcle TV

Today on Sporcle TV


Watch our educational content, quiz creation guides, and fun videos on Sporcle TV.

Show Comments

Extras

Top Quizzes Today


Score Distribution

Your Account Isn't Verified!

In order to create a playlist on Sporcle, you need to verify the email address you used during registration. Go to your Sporcle Settings to finish the process.

Report this User

Report this user for behavior that violates our Community Guidelines.

Details: